000 00670nam0a22002531 4500
001 RU\NLR\INFOCOMM10\ROSSICA\1000015875
005 20250613185002.0
035 _a(NLR Aleph) 009878338
090 _a10458743
_c10458743
100 _a20030812d1912 |||y0rusy50 ca
101 0 _afre
102 _aRU
105 _ay ||||000ay
200 1 _aGuide Crimée, Caucase, Levant
210 _aMoscou
_d1912
215 _d
710 1 0 _aCompagnie Russe de Navigation à Vapeur et de Commerce
_cOdessa
_4070
801 1 _aRU
_bInfoComm
_c20030812
801 0 _aRU
_bNLR
_gPSBO
852 _aNLR
_j21.9.4.32
942 _cBOOK
980 _aNB
980 _aRossica